• 首页
  • 本馆介绍
  • 公告通知
  • 最新文献
  • 馆藏检索
  • 电子资源
  • 读者导购
  • 参考咨询
  • 我的图书馆
  • 登录
  • 详细信息显示
  • 放入我的书架
  • 预约/预借图书
  • 作者相关作品
  • 分类相关作品
  • 丛书相关作品
  • 出版社相关作品

书目信息

  • 表格格式
  • 工作单格式
  • 卡片格式
题名:
实验室建设与管理
    
 
作者: 杜春盛 主编
分册:  
出版信息: 东营   石油大学社  1994
页数: 336页
开本: 20cm
丛书名:
单 册:
中图分类: G482
科图分类:
主题词: 实验室--管理--中学--教材
电子资源:
ISBN: 7-5636-0485-5
000 00716nam0 2200229 45
001 0195007197
005 20070726101841.71
010    @a7-5636-0485-5@dCNY5.60
100    @a19950130d1994 em y0chiy0121 ea
101 0  @achi
102    @aCN@b370000
105    @ay z 000yy
200 10 @a实验室建设与管理@ASHI YAN SHI JIAN SHE YU GUAN LI@f杜春盛等主编@FDU CHUN SHENG DENG ZHU BIAN
210    @a东营@c石油大学社@d1994
215    @a336页@d20cm
330    @a分:实验室建设规划与实施、实验室经费管理、常用仪器的使用与维修等13章。
540 1  @a实验室@ASHI YAN SHI
606    @a实验室@x管理@x中学@x教材
690    @aG482@v4
701  0 @a杜春盛@ADU CHUN SHENG@4主编
801  0 @aCN@bTSSF@c20070726
905    @a10447@dG482@e8
    
    实验室建设与管理/杜春盛等主编.-东营:石油大学社,1994
    336页;20cm
    
    
    ISBN 7-5636-0485-5:CNY5.60
    分:实验室建设规划与实施、实验室经费管理、常用仪器的使用与维修等13章。
●
相关链接 在E读中查询图书 在五车中查询图书 在当当中查询图书 在豆瓣中查询图书


正题名:实验室建设与管理     索取号:G482/8         预约/预借

序号 登录号 条形码 馆藏地/架位号 状态 备注
1 0769427   207694271   第一样本阅览室/ [索取号:G482/8] 在馆    
唐山师范学院图书馆 欢迎您!
大连网信软件有限公司© 版权所有